15 Polskich miast o najbardziej zanieczyszczonym powietrzu- - Statystyki

Ogólne statystyki
  • Ten quiz został rozwiązany 1 028 razy
  • Średni wynik to 4 z 15
Statystyki odpowiedzi
Województwo Miasto % Poprawnych
Małopolskie Kraków
97%
Śląskie Katowice
92%
Śląskie Zabrze
55%
Śląskie Rybnik
38%
Małopolskie Nowy Sącz
32%
Śląskie Żywiec
15%
Małopolskie Wadowice
11%
Śląskie Wodzisław Śląski
10%
Śląskie Pszczyna
8%
Małopolskie Skawina
7%
Łódzkie Opoczno
5%
Małopolskie Sucha Beskidzka
5%
Śląskie Knurów
4%
Małopolskie Niepołomice
3%
Małopolskie Tuchów
1%
Nie znaleziono quizów pasujących do podanych kryteriów
Rozkład punktacji
Procent ludzi z każdym wynikiem
Percentyl według liczby udzielonych odpowiedzi
Twoja historia wyników
Nie rozwiązałeś tego quizu